| 000 | 00435pab a2200169 454500 | ||
|---|---|---|---|
| 008 | 180718b2002 xxu||||| |||| 00| 0 eng d | ||
| 100 | _aMurthy, R. Srinivasa | ||
| 245 | _aDisaster and mental health: psychosocial interventions | ||
| 260 | _c2002 | ||
| 300 | _ap.173-81. | ||
| 362 | _aApr | ||
| 650 | _aMental health | ||
| 650 | _aDisasters | ||
| 700 | _aKarki, Manju | ||
| 773 | _aIndian Journal of Social Work | ||
| 909 | _a59317 | ||
| 999 |
_c59317 _d59317 |
||